Name every Twice song (until Ten: The Story Goes on) - Statistics

General Stats
  • This quiz has been taken 20 times
    10 since last reset
  • The average score is 157 of 229
Answer Stats
The Story Begins % Correct
Do it again
100%
Like Ooh-Ahh
100%
1,3,2
80%
1 to 10
80%
After Moon
80%
Alcohol-free
80%
ATM
80%
Baby blue love
80%
Basics
80%
Battitude
80%
BDZ
80%
Cactus
80%
Candy
80%
Candy boy
80%
Celebrate
80%
Cheer Up
80%
Chess
80%
Chillax
80%
Dance the night away
80%
Decaffeinated
80%
Depend on you
80%
Dive
80%
Dive in
80%
Doughnut
80%
Enemy
80%
Espresso
80%
Fake & True
80%
Fancy
80%
Feel Special
80%
First time
80%
Fix a drink
80%
Four
80%
Get loud
80%
Girls like us
80%
G.O.A.T
80%
Go hard
80%
Going crazy
80%
Gone
80%
Handle it
80%
Hare hare
80%
Heartbreak avenue
80%
Heart Shaker
80%
Hell in heaven
80%
Hello
80%
Hi hello
80%
Ho!
80%
Hot
80%
I can't stop me
80%
Icecream
80%
I got you
80%
I'm gonna be a star
80%
In my room
80%
Knock Knock
80%
Kura kura
80%
Last waltz
80%
Like a fool
80%
Likey
80%
L.O.V.E
80%
Make me go
80%
Mars
80%
Meeeeee
80%
Me+you
80%
Moonlight
80%
Moonlight Sunrise
80%
More & more
80%
Move like that
80%
New new
80%
One in a million
80%
One spark
80%
Only you
80%
Options
80%
Peach gelato
80%
Perfect world
80%
Queen
80%
Queen of hearts
80%
Right hand girl
80%
Sandcastle
80%
Say yes
80%
Scientist
80%
Set me free
80%
Shot clock
80%
Signal
80%
Someone like me
80%
SOS
80%
Stone cold
80%
Strategy
80%
Strawberry
80%
Sunset
80%
Talk
80%
Talk that talk
80%
That's all I'm saying
80%
The Feels
80%
This is for
80%
Three times a day
80%
Tick tock
80%
Touchdown
80%
Truth
80%
TT
80%
Tuktok
80%
Turn it up
80%
Turtle
80%
Up no more
80%
Voices of delight
80%
What is love?
80%
Yes or yes
80%
21:29
60%
24/7
60%
Be as one
60%
Behind the mask
60%
Believer
60%
Be ok
60%
Better
60%
Beyond the horizon
60%
Bitter sweet
60%
Blame it on me
60%
Blind in love
60%
Bloom
60%
Brand New girl
60%
Brave
60%
Breakthrough
60%
Bring it back
60%
Candy Pop
60%
Catch a wave
60%
Changing!
60%
Conversation
60%
Crazy stupid love
60%
Cry for me
60%
Dance again
60%
Dat ahh dat ooh
60%
Dejavu
60%
Ding dong
60%
Don't call me again
60%
Don't give up
60%
Do what we like
60%
Eye eye eyes
60%
Fanfare
60%
Ffw
60%
F.I.L.A
60%
Fine
60%
Firework
60%
Four-leaf clover
60%
Glow
60%
Good at love
60%
Got the thrills
60%
Happy happy
60%
Here I am
60%
Hold me tight
60%
Icon
60%
Inside of me
60%
In the summer
60%
I want you back
60%
Jaljayo Good night
60%
Jelly Jelly
60%
Just be yourself
60%
Keeper
60%
Kiss my troubles away
60%
Lalala
60%
Let love go
60%
Like 1
60%
Like it like it
60%
Look at me
60%
Love Foolish
60%
Love is more
60%
Love line
60%
Love Warning
60%
Luv me
60%
Magical
60%
Merry & Happy
60%
Missing U
60%
My headphones on
60%
Next Page
60%
One More Time
60%
Oxygen
60%
Peach Soda
60%
Pieces of love
60%
Pink Lemonade
60%
Pit-a-pat
60%
Polish
60%
Ponytail
60%
Precious Love
60%
Promise
60%
Push & Pull
60%
Rainbow
60%
Real you
60%
Rewind
60%
Rollin'
60%
Rush
60%
Say it again
60%
Say something
60%
Say you love me
60%
Scandal
60%
Scorpion
60%
Seesaw
60%
Shadow
60%
Shot thru the heart
60%
Stay by my side
60%
Strawberry Moon
60%
Stuck
60%
Stuck in my head
60%
Sweetest Obsession
60%
Sweet summer day
60%
Sweet talker
60%
Swing
60%
Takedown
60%
Thank you, family
60%
The best thing I ever did
60%
The reason why
60%
The wish
60%
Trick it
60%
Trouble
60%
Up to you
60%
Wake me up
60%
Wallflower
60%
When we were kids
60%
Wishing
60%
Wonderful day
60%
Woohoo
60%
Wow
60%
You get me
60%
You in my heart
60%
Young & Wild
60%
Cruel
40%
Echoes of heart
40%
Flow like waves
40%
How u doin'
40%
Ocean Deep
40%
One day
40%
Stronger
40%
What you waiting for
40%
No matching quizzes found
Score Distribution
Percent of People with Each Score
Percentile by Number Answered
Your Score History
You have not taken this quiz since the last reset